Visite a la prison de Philadelphie ou énonce exact de la sage administration qui a lieu dans les divers départemens de cette Maison (Registro nro. 166730)

Detalles MARC
000 -LEADER
campo de control de longitud fija 01242nam a2200217 i 4500
001 - NÚMERO DE CONTROL
campo de control 166730
003 - IDENTIFICADOR DE NÚMERO DE CONTROL
campo de control ES-MaACL
005 - FECHA Y HORA DE LA ÚLTIMA TRANSACCIÓN
campo de control 20250927115036.0
008 - DATOS DE LONGITUD FIJA--INFORMACIÓN GENERAL
campo de control de longitud fija 050920s1799 fr ae |||| | fre d
100 1# - ENTRADA PRINCIPAL--NOMBRE DE PERSONA
Nombre de persona Turnbull, Robert James.
9 (RLIN) 111719
245 10 - MENCIÓN DEL TÍTULO
Título Visite a la prison de Philadelphie ou énonce exact de la sage administration qui a lieu dans les divers départemens de cette Maison
Resto del título : ouvrage où l'on trouve l'histoire successive de la réformation des loix pénales de la Pensylvanie : avec des observation sur l'impolitique et l'injustice des peines capitales ... /
Mención de responsabilidad, etc. par Robert J. Turnbull ; traduit de l'anglais et augmenté d'un plan ... par Petit-Radel ...
260 ## - PUBLICACIÓN, DISTRIBUCIÓN, ETC.
Lugar de publicación, distribución, etc. A Paris :
Nombre del editor, distribuidor, etc. chez Gabon ..., Fuchs ..., Desênne ...,
Fecha de publicación, distribución, etc. An VIII [1799]
300 ## - DESCRIPCIÓN FÍSICA
Extensión XI, 43 p., [1] h. pleg., [2] h. de plan. pleg. ;
Dimensiones 20 cm.
597 ## - NOTA DE DESCRIPCIÓN FÍSICA
NOTA DE DESCRIPCIÓN FÍSICA Sign.: A-C8, D4.
650 #4 - PUNTO DE ACCESO ADICIONAL DE MATERIA--TÉRMINO DE MATERIA
Término de materia o nombre geográfico como elemento de entrada Establecimientos penitenciarios-
Subdivisión geográfica Estados Unidos.
9 (RLIN) 12516
650 07 - PUNTO DE ACCESO ADICIONAL DE MATERIA--TÉRMINO DE MATERIA
Término de materia o nombre geográfico como elemento de entrada Pena de muerte
Fuente del encabezamiento o término embne
9 (RLIN) 15915
650 ## - PUNTO DE ACCESO ADICIONAL DE MATERIA--TÉRMINO DE MATERIA
Término de materia o nombre geográfico como elemento de entrada Derecho penitenciario-
Subdivisión geográfica Estados Unidos.
9 (RLIN) 150596
700 1# - ENTRADA AGREGADA--NOMBRE PERSONAL
Nombre de persona Petit-Radel, Louis-François,
Fechas asociadas al nombre 1740-1818
9 (RLIN) 165221
852 ## - LOCALIZACIÓN
Ubicación ES-MaACL
Número de control de estantería D-270(3)
Nota libre - Enc. hol.
-- .- Donativo Lastres
-- - Enc. en un vol. facticio
Existencias
Estatus retirado Estado de pérdida Estado de daño No para préstamo Colección Biblioteca de origen Biblioteca actual Ubicación en estantería Fecha de adquisición Total de préstamos Signatura topográfica completa Código de barras Visto por última vez Precio de reemplazo Tipo de ítem Koha
        Libros del s. XVIII Biblioteca del Ateneo de Madrid Biblioteca del Ateneo de Madrid Sala Valle Inclán 17/01/2008   D-270(3) 901174863 23/02/2023 23/02/2023 Libro impreso antiguo